Statistics for Cities by Clues - B

Click here to take the quiz!

General Stats

  • This quiz has been taken 39 times
  • The average score is 13 of 20

Answer Stats

ClueCity% Correct
Brandenburg GateBerlin
100%
Formerly PekingBeijing
97%
Largest city of LebanonBeirut
97%
Capital of CataloniaBarcelona
94%
Capital of Massachusetts in the United StatesBoston
94%
Largest independent city in MarylandBaltimore
82%
Largest city of MaliBamako
79%
5th largest in IndiaBengaluru
74%
Home to Cadbury's Chocolate, BrumBirmingham
68%
Formerly Frunze,Largest City in KyrgyzstanBishkek
68%
Port city on the Garonn, Southwestern FranceBordeaux
62%
Bathurst,Capital City,Gambia RiverBanjul
56%
Capitals of BrisbaneBrisbane
56%
Confluence of the Sava and DanubeBelgrade
53%
Capital of BruneiBandar Seri Begawan
50%
Berner Münster, Alemannic GermanBern
41%
Judicial Capital of NationBloemfontein
38%
Chao Phraya RiverBangkok
35%
Lowest lying National CapitalBaku
26%
4th largest city in IndonesiaBandung
26%

Score Distribution

Percentile by Number Answered

Percent of People with Each Score

Your Score History

You have not taken this quiz